| 000 | 00771nas a2200253 4500 | ||
|---|---|---|---|
| 001 | BR9208625 | ||
| 003 | BR-BrBNA | ||
| 005 | 20231205093131.0 | ||
| 007 | ta | ||
| 008 | 230509b bl.|||p| |||| 00| 00por d | ||
| 040 |
_aBR-BrBNA _bpor _cBiblioteca Nacional de Agricultura |
||
| 041 | _a(Pt) | ||
| 072 | _aH10 | ||
| 100 | 1 | _aXavier, S.H. | |
| 100 | 1 | _aMattos, S. da S. | |
| 245 | 1 | _aLista das especies e generos de Culicideos encontrados nos Estados do Brasil; 8. Rondonia (Diptera, Culicidae) | |
| 650 | _aMOSQUITO | ||
| 650 | _aTAXONOMIA | ||
| 650 | _aENTOMOLOGIA | ||
| 650 | _aRONDONIA | ||
| 773 | 0 |
_tActa Amazonica (Brazil) _xISSN 0044-5967 _g(Mar-Dec 1989), v. 19 p. 285-294 _wBR9208625 |
|
| 909 |
_a202311 _bLúcia _c55 _dLúcia Elande |
||
| 942 |
_2AGRIS _n0 _cANA |
||
| 999 |
_c136419 _d136419 |
||